000 00437nam a2200181Ia 4500
001 13999
005 20260306164842.0
008 260306t1998||||xx |||||||||||||| ||spa||
041 _aESP
082 _a005.7592
_bA23
100 _aBrusilovsky, Peter
_eAUT
245 0 _aAdaptive hypertext and hypermedia
260 _c1998
300 _avii, 252 páginas :
_c23 cm.
650 _aGEN
654 _aCCC
942 _cLIB
_dJUS
_fJUS
_2ddc
_n
999 _c13999
_d13999